Η γνωστική εμπλοκή των μαθητών στη διδασκαλία της Αγγλικής ως ξένης γλώσσας με τη χρήση του διαδραστικού πίνακα : διπλωματική εργασία [μεταπτυχιακή εργασία]
Saved in:
| Main Author: | |
|---|---|
| Corporate Author: | |
| Other Authors: | |
| Format: | Thesis Book |
| Language: | Greek |
| Published: |
2012
|
| Subjects: | |
| Online Access: | http://hdl.handle.net/11610/16349 |
| Tags: |
Add Tag
No Tags, Be the first to tag this record!
|
MARC
| LEADER | 00000cam a2200000 i 4500 | ||
|---|---|---|---|
| 001 | 1/25429 | ||
| 008 | 130205s2012 gre d | ||
| 035 | |l 10113641 | ||
| 040 | |a GR-MY-UA |b gre |e aacr | ||
| 041 | 0 | |a gre | |
| 082 | 0 | |a 428.24 |2 (22) | |
| 100 | 1 | |a Γεωργιάδου, Αναστασία. | |
| 245 | 1 | 2 | |a Η γνωστική εμπλοκή των μαθητών στη διδασκαλία της Αγγλικής ως ξένης γλώσσας με τη χρήση του διαδραστικού πίνακα : |b διπλωματική εργασία [μεταπτυχιακή εργασία] / |c Γεωργιάδου Αναστασία ; επιβλέπουσα: Καζούλλη Βασιλεία |
| 260 | |c 2012 | ||
| 300 | |a 98 σ.; |b πιν.; |c 30 εκ. | ||
| 500 | |a Μέλη εξεταστικής επιτροπής: Σοφός Αλιβίζος, Τσολακίδης Κωνσταντίνος | ||
| 502 | |a Διατριβή (μεταπτυχιακή) – Πανεπιστήμιο Αιγαίου, Ρόδος, 2012. | ||
| 504 | |a Βιβλιογραφία: σ. 91-95 | ||
| 650 | 0 | 0 | |a English language |x Study and teaching |x Computer network resources. |
| 650 | 0 | 0 | |a English language |x Audio-visual aids. |
| 650 | 0 | 0 | |a English language |x Acquisition. |
| 650 | 0 | 0 | |a Audio-visual education. |
| 650 | 0 | 0 | |a Dissertations, Academic |z Greece. |
| 700 | 1 | |a Κούρτη-Καζούλλη, Βασιλεία. |4 ths | |
| 710 | 2 | |a Πανεπιστήμιο Αιγαίου |b Σχολή Ανθρωπιστικών Επιστημών |b Παιδαγωγικό Τμήμα Δημοτικής Εκπαίδευσης |b Πρόγραμμα Μεταπτυχιακών Σπουδών Επιστήμες της Αγωγής - Εκπαίδευση με τη Χρήση Νέων Τεχνολογιών. | |
| 852 | |a INST |b RHODES |c DIATR |e 20130205 |h 428.24 ΓΕΩ |p 005400034888 |q 005400034888 |t MTXE |y 23 | ||
| 852 | |a INST |b RHODES |c DIATR |e 20130205 |h 428.24 ΓΕΩ |p 005400034889 |q 005400034889 |t MTXE |y 23 | ||
| 856 | |u http://hdl.handle.net/11610/16349 | ||
| 901 | |a BIBL4-2013-1 | ||
| 909 | |a Ρ |b 176407 | ||
| 909 | |a Ρ |b 176408 | ||
| 924 | |a ΓΕΩΡΓΙΑΔΟΥ |b ΑΝΑΣΤΑΣΙΑ |y ΡΟΔΟΣ |z 2012-03 | ||
| 970 | |z 2013/02/05 | ||